Statistics for Former "Country" Flags #8-Western Africa

Click here to take the quiz!

General Stats

  • This quiz has been taken 17 times
  • The average score is 17 of 24

Answer Stats

Answer% Correct
Dominion of Ghana
94%
Federal Republic of Nigeria (First Junta)
94%
Federal Republic of Nigeria (Second Junta)
94%
Federation of Nigeria
94%
First Nigerian Republic
94%
First Republic of Ghana
94%
Second Nigerian Republic
94%
Second Republic of Ghana
94%
Third Republic of Ghana
94%
People's Republic of Benin
88%
Republic of Benin
88%
Thomas Sankara's Burkina Faso Government
82%
People's Revolutionary Republic of Guinea
76%
Mali Empire
71%
Kingdom of Dahomey
59%
Republic of Dahomey
59%
Biafra
53%
Aro Confederacy
41%
Ashanti Empire
41%
National Revolutionary Council of the Gambia
41%
Sokoto Caliphate
35%
Wassoulou Empire
29%
Imamate of Futa Jallon
24%
Republic of Maryland
24%

Score Distribution

Percentile by Number Answered

Percent of People with Each Score

Your Score History

You have not taken this quiz